Zákazník v dominantnom postavení
Marketing v neziskových organizáciách verejného sektora. Špecifiká uplatňovania marketingu v neziskových organizáciách.
Na minha lista:
| Autor principal: | |
|---|---|
| Formato: | Capítulo de Livro |
| Idioma: | eslovaco |
| Assuntos: | |
| Tags: |
Sem tags, seja o primeiro a adicionar uma tag!
|
MARC
| LEADER | 00000naa$a2200000$$$4500 | ||
|---|---|---|---|
| 001 | 0002255 | ||
| 005 | 20230925123518.0 | ||
| 041 | 0 | |a slo | |
| 044 | |a SK | ||
| 245 | 1 | 0 | |a Zákazník v dominantnom postavení |c aut. Viera Cibáková |
| 520 | |a Marketing v neziskových organizáciách verejného sektora. Špecifiká uplatňovania marketingu v neziskových organizáciách. | ||
| 610 | 2 | 0 | |a organizácie neziskové |
| 610 | 2 | 0 | |a marketing |
| 610 | 2 | 0 | |a sektor verejný |
| 100 | 1 | |a Cibáková, Viera | |